Paroles - Christophe - Orelsan - Statistiques

Statistiques générales
  • Ce quiz a été pris 233 fois
    226 depuis la dernière actualisation
  • Le résultat moyen est 305 sur 404
Statistiques - réponses
Réponse % Correct
à
97%
m'a
96%
ma
96%
je
93%
le
93%
Christophe
92%
de
92%
me
92%
noir
91%
Maé
90%
m'en
89%
des
88%
fa
88%
les
88%
Keen'V
87%
que
87%
la
86%
j'ai
82%
lunettes
82%
noires
82%
pas
82%
suis
82%
couilles
81%
du
81%
bat
80%
Bernard
80%
en
80%
et
80%
par
80%
t'as
80%
un
80%
bats
78%
boules
78%
ça
77%
compris
77%
Eddy
77%
Gims
77%
Maître
77%
plus
77%
c'est
76%
mate
76%
Tapie
76%
avec
75%
dans
75%
déjà
75%
Johnny
75%
Mitchell
75%
mon
75%
on
75%
parce
75%
une
75%
musique
74%
te
74%
faire
73%
fais
73%
Central
72%
jour
72%
mais
72%
mal
72%
Minet
72%
s'en
72%
son
72%
aimé
71%
aux
71%
autant
70%
France
70%
j'aime
70%
kiffent
70%
Massif
70%
nul
70%
petit
70%
pourquoi
70%
sur
70%
tu
70%
c'était
69%
deux
69%
enfance
69%
pu
69%
racistes
69%
chier
68%
coeur
68%
donner
68%
l'espoir
68%
Maréchal
68%
Marion
68%
meufs
68%
patrie
68%
vieille
68%
blancs
67%
face
67%
j'aurais
67%
poker
67%
quand
67%
rappelé
67%
toujours
66%
briser
65%
comprends
65%
pose
65%
sauver
65%
tapis
65%
ton
65%
Twitter
65%
baiser
64%
comme
64%
Fashion
64%
films
64%
mangas
64%
qu'il
64%
rue
64%
Van
64%
voir
64%
Week
64%
croise
63%
pressé
63%
ramené
63%
avant
62%
bite
62%
Damme
62%
Expo
62%
fait
62%
Japan
62%
maintenant
62%
meurt
62%
na
62%
Nekfeu
62%
sens
62%
tes
62%
aider
61%
celles
61%
m'appelle
61%
papy
61%
arrêtez
60%
boîte
60%
j'assume
60%
boulard
59%
coups
59%
geeks
59%
j'aimerais
59%
peux
59%
prends
59%
veut
59%
vingt
59%
vrai
59%
balles
58%
bouteilles
58%
envoyé
58%
fleur
58%
mets
58%
Carrefour
57%
emoji
57%
qu'on
57%
street
57%
tous
57%
t-shirts
57%
vacances
57%
cuite
56%
dix
56%
fois
56%
followers
56%
j'étais
56%
sais
56%
bizarre
55%
lendemains
55%
validé
55%
bonjour
54%
déchiré
54%
sont
53%
trois
53%
platine
52%
celui
51%
Lorie
51%
mêmes
51%
matins
48%
danses
47%
d'être
46%
taquine
45%
moins
44%
Shaki'
43%
likes
41%
Georges
40%
profil
39%
visage
39%
yeah
39%
effet
38%
ouh
38%
quel
38%
entre
36%
Moustaki
36%
alaykum
32%
Assalamu
30%
pont
28%
Young
26%
crames
23%
Thug
23%
Aucun quiz correspondant
Distribution des résultats
% des personnes avec chaque résultat
Percentile par nombre de réponses
Votre historique - résultats
Vous n’avez pas pris ce quiz depuis la dernière actualisation